00507nam a22001457a 4500003000800000005001700008008004100025040001200066082001500078245013700093260005000230300002200280650002900302700003000331BD-DhUL20170101165545.0170101b1952 xxu||||| |||| 00| 0 eng d cBD-DhUL a808.8bHUG aGreat books of the Western world :bVol. II : Euclid archimedes apollonius of perga nicomachus /cEdited by Robert Maynard Hutchins aChicago :bEncyclopaedia Britaa, Inc., c1952 a848 p. :c23 cm.  aLiterature- collections 1aHutchins, Robert Maynard